| 000 -LEADER | |
|---|---|
| fixed length control field | 00458nam a22001817a 4500 |
| 005 - DATE AND TIME OF LATEST TRANSACTION | |
| control field | 20230821110716.0 |
| 008 - FIXED-LENGTH DATA ELEMENTS--GENERAL INFORMATION | |
| fixed length control field | 210301b ||||| |||| 00| 0 eng d |
| 020 ## - INTERNATIONAL STANDARD BOOK NUMBER | |
| ISBN | 9789352705473 |
| 041 ## - LANGUAGE CODE | |
| Language code of text/sound track or separate title | eng |
| 082 ## - DEWEY DECIMAL CLASSIFICATION NUMBER | |
| Classification number | 612 MOH-T |
| 100 ## - MAIN ENTRY--AUTHOR NAME | |
| Personal name | MOHAN HARSH |
| 245 ## - TITLE STATEMENT | |
| Title | TEXTBOOK OF PATHOLOGY |
| 250 ## - EDITION STATEMENT | |
| Edition statement | 8'TH |
| 260 ## - PUBLICATION, DISTRIBUTION, ETC. (IMPRINT) | |
| Place of publication | NEW DELHI |
| Name of publisher | JAYPEE BROTHER'S MEDICAL PUBLISHER |
| Year of publication | 2021 |
| 300 ## - PHYSICAL DESCRIPTION | |
| Number of Pages | 1010, p. |
| 650 ## - SUBJECT ADDED ENTRY--TOPICAL TERM | |
| Topical Term | PHARMACY |
| General subdivision | D.PHARMA |
| 942 ## - ADDED ENTRY ELEMENTS (KOHA) | |
| Koha item type | Books |
| Lost status | Damaged status | Collection code | Home library | Current library | Shelving location | Date acquired | Source of acquisition | Cost, normal purchase price | Full call number | Accession Number | Koha item type | Serial Enumeration / chronology |
|---|---|---|---|---|---|---|---|---|---|---|---|---|
| PHYSIOTHERAPY | JRU Library | JRU Library | SHELF-28-A | 01/03/2021 | UNNATI PUBLICATION PURCHASE 1908-/17-02-2021 | 2395.00 | 612 MOH-T | 25718 | Books | |||
| PHYSIOTHERAPY | JRU Library | JRU Library | Shelf - 25- F | 05/08/2023 | PURCHASE [LBI] | 2795.00 | 612 MOH-T | 27888 | Books | 9TH ED, 2023 | ||
| PHYSIOTHERAPY | JRU Library | JRU Library | Shelf - 24- F | 05/08/2023 | PURCHASE | 2795.00 | 612 MOH-T | 27889 | Books | 9TH ED, 2023 | ||
| PHYSIOTHERAPY | JRU Library | JRU Library | Shelf - 25- C | 05/08/2023 | PURCHASE | 2795.00 | 612 MOH-T | 27890 | Books | 9TH ED, 2023 |